Gramsci y Freire, héroes radicales (Record no. 19290)

MARC details
000 -LEADER
campo de control de longitud fija 00815nam a2200253 i 4500
001 - NÚMERO DE CONTROL
campo de control 19290
003 - IDENTIFICADOR DE NÚMERO DE CONTROL
campo de control ES-MaACL
005 - FECHA Y HORA DE LA ÚLTIMA TRANSACCIÓN
campo de control 20250828023056.0
007 - CAMPO FIJO DE DESCRIPCIÓN FÍSICA--INFORMACIÓN GENERAL
campo de control de longitud fija t|
008 - DATOS DE LONGITUD FIJA--INFORMACIÓN GENERAL
campo de control de longitud fija 020613s2001 sp ||||1| spa d
020 ## - NÚMERO INTERNACIONAL ESTÁNDAR DEL LIBRO
Número Internacional Estándar del Libro 84-95294-20-6
080 ## - NÚMERO DE LA CLASIFICACIÓN DECIMAL UNIVERSAL
Número de la Clasificación Decimal Universal 37 Gramsci, Antonio
080 ## - NÚMERO DE LA CLASIFICACIÓN DECIMAL UNIVERSAL
Número de la Clasificación Decimal Universal 37 Freire, Paulo
080 ## - NÚMERO DE LA CLASIFICACIÓN DECIMAL UNIVERSAL
Número de la Clasificación Decimal Universal 374.7(8=6)
100 1# - ENTRADA PRINCIPAL--NOMBRE DE PERSONA
Nombre de persona Coben, Diana.
9 (RLIN) 39339
245 10 - MENCIÓN DEL TÍTULO
Título Gramsci y Freire, héroes radicales
Resto del título : políticas en educación de adultos /
Mención de responsabilidad, etc. Diana Coben.
260 ## - PUBLICACIÓN, DISTRIBUCIÓN, ETC.
Lugar de publicación, distribución, etc. Madrid :
Nombre del editor, distribuidor, etc. Miño y Dávila,
Fecha de publicación, distribución, etc. [2001]
300 ## - DESCRIPCIÓN FÍSICA
Extensión 279 p. ;
Dimensiones 21 cm.
600 04 - PUNTO DE ACCESO ADICIONAL DE MATERIA--NOMBRE DE PERSONA
Nombre de persona Gramsci, Antonio,
Fechas asociadas al nombre 1891-1937-
Subdivisión general Pensamiento pedagógico
9 (RLIN) 59547
600 14 - PUNTO DE ACCESO ADICIONAL DE MATERIA--NOMBRE DE PERSONA
Nombre de persona Freire, Paulo.
9 (RLIN) 52462
650 14 - PUNTO DE ACCESO ADICIONAL DE MATERIA--TÉRMINO DE MATERIA
Término de materia o nombre geográfico como elemento de entrada Educación de adultos-
Subdivisión geográfica América Latina
9 (RLIN) 12092
852 ## - LOCALIZACIÓN
Ubicación ES-MaACL
Número de control de estantería L-25726
Sublocalización o colección R.131257
Holdings
Estatus retirado Estado de pérdida Estado de daño No para préstamo Biblioteca de origen Biblioteca actual Ubicación en estantería Fecha de adquisición Fuente de adquisición Total de préstamos Signatura topográfica completa Código de barras Visto por última vez Precio de reemplazo Tipo de ítem Koha
        Biblioteca del Ateneo de Madrid Biblioteca del Ateneo de Madrid Depósito 2 17/01/2008     L-25726 1019737 23/02/2023 23/02/2023 Libro impreso